000 00466nam a2200181Ia 4500
005 20250508155856.0
008 008 250505s9999 xx 000 0 hin d
037 _aTextual
040 _aFEDL
_beng
_cFEDL
041 _ahin
_2eng
084 _aFH, SHA
_qFEDL
100 _aSharma Vinod Kumar
245 0 _aBandar ki dulhan
260 _aPrayag, India
_bShishu Gyan Mandir
300 _a32p.
942 _cTEXL
_hFH, SHA
999 _c1359783
_d1359783